Modelovanie a simulácia mechanických systémov
Salvato in:
| Autore principale: | |
|---|---|
| Altri autori: | |
| Natura: | Manoscritto Libro |
| Lingua: | slovacco |
| Pubblicazione: |
Bratislava :
STU v Bratislave FEI,
2025
|
| Soggetti: | |
| Accesso online: | https://opac.crzp.sk/?fn=detailBiblioFormChildW9ALT&sid=8D80AD18777FCC7F64B2B54DC29E&seo=CRZP-detail-kniha |
| Tags: |
Nessun Tag, puoi essere il primo ad aggiungerne!!
|
MARC
| LEADER | 00000ntm a22000003a 4500 | ||
|---|---|---|---|
| 001 | stuzp102225 | ||
| 003 | SK-STU | ||
| 005 | 20260210124409.6 | ||
| 007 | ta | ||
| 008 | 150427s2015----xo-----f-mn---000-0-slo-d | ||
| 040 | |a STU |b slo | ||
| 041 | 0 | |a slo | |
| 044 | |a xo | ||
| 100 | 1 | |a Šupák, Boris |u 031000 |4 aut |U FEI Fakulta elektrotechniky a informatiky |T FEI Ústav robotiky a kybernetiky |X 120551 |U E011 |Y 356 |7 120551 | |
| 242 | 0 | 1 | |a Modelling and Simulation of Mechanical Systems |y eng |
| 245 | 1 | 0 | |a Modelovanie a simulácia mechanických systémov |
| 260 | |a Bratislava : |b STU v Bratislave FEI, |c 2025 | ||
| 300 | |a 102 s. | ||
| 650 | 4 | |a simulácia |2 slo | |
| 650 | 4 | |a analýza |2 slo | |
| 650 | 4 | |a mechanický systém |2 slo | |
| 650 | 4 | |a modelovanie |2 slo | |
| 650 | 4 | |a diferenciálne rovnice |2 slo | |
| 650 | 4 | |a mechanical system |2 eng | |
| 650 | 4 | |a modeling |2 eng | |
| 650 | 4 | |a simulation |2 eng | |
| 650 | 4 | |a differential equations |2 eng | |
| 650 | 4 | |a analysis |2 eng | |
| 700 | 1 | |a Miklovičová, Eva |u 039101 |k Z8 |4 ths |U FEI Sekretariát dekana |T FEI Kancelária dekana |X 4909 |U 039101 |Y 700 |7 A000004909 | |
| 856 | 4 | |u https://opac.crzp.sk/?fn=detailBiblioFormChildW9ALT&sid=8D80AD18777FCC7F64B2B54DC29E&seo=CRZP-detail-kniha | |